Central Library OPAC University of Rajshahi

Modern Media and Communication / (Record no. 65993)

MARC details
000 -LEADER
fixed length control field 00750nam a2200229 a 4500
001 - CONTROL NUMBER
control field 65993
003 - CONTROL NUMBER IDENTIFIER
rucl marc code BD-RjUL
005 - DATE AND TIME OF LATEST TRANSACTION
control field 20211209081505.0
008 - FIXED-LENGTH DATA ELEMENTS--GENERAL INFORMATION
fixed length control field 170313s2000 ii ||||| |||| 00| 0 eng d
020 ## - INTERNATIONAL STANDARD BOOK NUMBER
International Standard Book Number 8174881697
035 ## - SYSTEM CONTROL NUMBER
System control number (BD-RjUL)66123
040 ## - CATALOGING SOURCE
Original cataloging agency BD-RjUL
Language of cataloging eng
Transcribing agency BD-RjUL
041 ## - LANGUAGE CODE
Language code of text/sound track or separate title eng
082 ## - DEWEY DECIMAL CLASSIFICATION NUMBER
Edition number 23
Classification number 302.23
Author mark and year JOM 2000
100 1# - MAIN ENTRY--PERSONAL NAME
Personal name Joseph, M. K.
9 (RLIN) 195206
245 10 - TITLE STATEMENT
Title Modern Media and Communication /
Statement of responsibility, etc. M. K. Joseph
260 ## - PUBLICATION, DISTRIBUTION, ETC. (IMPRINT)
Place of publication, distribution, etc. New Delhi :
Name of publisher, distributor, etc. Anmol Publications Pvt. Ltd.,
Date of publication, distribution, etc. c2000.
300 ## - PHYSICAL DESCRIPTION
Pagination V. ;
Size 22 cm.
505 ## - FORMATTED CONTENTS NOTE
Formatted contents note V. 1 Sociology and communication Revolution --V. 2 Global perspectives on modern media and journalism --V. 3 Mass Media and Challenge of Change --
650 ## - SUBJECT ADDED ENTRY--TOPICAL TERM
Topical term or geographic name as entry element Mass media
9 (RLIN) 170854
942 ## - ADDED ENTRY ELEMENTS (KOHA)
Source of classification or shelving scheme Dewey Decimal Classification
Koha item type Books
Holdings
Lost status Source of classification or shelving scheme Damaged status Not for loan Collection code Permanent Location Current Location Shelving location Date acquired Source of acquisition Cost, normal purchase price Total Checkouts Full call number Date last seen Copy number Koha item type
  Dewey Decimal Classification   Not For Loan Non-fiction Central Library, University of Rajshahi Central Library, University of Rajshahi Reading Room 05/03/2006 Dhaka, Paragon Enterprises Ltd. 2000.00   302.23 JOM V-1 2000 13/03/2017 C-1 Books
  Dewey Decimal Classification   Not For Loan Non-fiction Central Library, University of Rajshahi Central Library, University of Rajshahi Reading Room 05/03/2006 Dhaka, Paragon Enterprises Ltd. 2000.00   302.23 JOM V-2 2000 14/03/2017 C-1 Books
  Dewey Decimal Classification   Not For Loan Non-fiction Central Library, University of Rajshahi Central Library, University of Rajshahi Reading Room 05/03/2006 Dhaka, Paragon Enterprises Ltd 2000.00   302.23 JOM V-3 2000 15/03/2017 C-1 Books